Online
Catalog

Trama geológica de la historia humana / (Record no. 20678)

MARC details
000 -CABECERA
campo de control de longitud fija 01010nam a2200277 a 4500
001 - NÚMERO DE CONTROL
campo de control 000021177
005 - FECHA Y HORA DE LA ÚLTIMA TRANSACCIÓN
campo de control 20240509185222.0
008 - DATOS DE LONGITUD FIJA--INFORMACIÓN GENERAL
campo de control de longitud fija 100901nuuuu es ab r 000 | spa d
040 ## - FUENTE DE LA CATALOGACIÓN
Centro catalogador/agencia de origen DO-SdBNP
Lengua de catalogación spa
Centro/agencia transcriptor BNPHU
082 ## - NÚMERO DE LA CLASIFICACIÓN DECIMAL DEWEY
Número de clasificación 551.7
Número de documento/Ítem T319t
049 ## - FONDOS LOCALES (OCLC)
Fondos de biblioteca BNGR
100 1# - ENTRADA PRINCIPAL--NOMBRE DE PERSONA
Nombre de persona Termier, H. y G.
9 (RLIN) 44268
240 13 - TÍTULO UNIFORME
Título uniforme La trame géologique de l'histoire humaine.
Lenguaje de la obra Español
245 10 - MENCIÓN DE TÍTULO
Título Trama geológica de la historia humana /
Mención de responsabilidad, etc. H Y G Termier; traducción de Fernando Gutiérrez.
260 ## - PUBLICACIÓN, DISTRIBUCIÓN, ETC.
Lugar de publicación, distribución, etc. Barcelona, (España) :
Nombre del editor, distribuidor, etc. Editorial Labor,
Fecha de publicación, distribución, etc. [19?].
300 ## - DESCRIPCIÓN FÍSICA
Extensión 207 p. ; :
Otras características físicas il., mapas ;
Dimensiones 20 cm.
490 1# - MENCIÓN DE SERIE
Mención de serie Labor
Designación de volumen o secuencia 23
500 ## - NOTA GENERAL
Nota general Incluye índice de nombres
500 ## - NOTA GENERAL
Nota general Incluye referencias bibliográficas al pie de páginas
534 ## - NOTA SOBRE LA VERSIÓN ORIGINAL
Encabezamiento principal del original Título de la obra original :
Mención de título del original La trame géologique de l'histoire humaine
650 #4 - PUNTO DE ACCESO ADICIONAL DE MATERIA--TÉRMINO DE MATERIA
Término de materia o nombre geográfico como elemento de entrada Estratigrafía
9 (RLIN) 44269
650 #4 - PUNTO DE ACCESO ADICIONAL DE MATERIA--TÉRMINO DE MATERIA
Término de materia o nombre geográfico como elemento de entrada Geología histórica
9 (RLIN) 44270
650 #0 - PUNTO DE ACCESO ADICIONAL DE MATERIA--TÉRMINO DE MATERIA
Término de materia o nombre geográfico como elemento de entrada Antropología
9 (RLIN) 85431
700 1# - PUNTO DE ACCESO ADICIONAL--NOMBRE DE PERSONA
Nombre de persona Gutiérrez, Fernando
Término indicativo de función/relación tr.
9 (RLIN) 4139
830 #0 - PUNTO DE ACCESO ADICIONAL DE SERIE-TÍTULO UNIFORME
Título uniforme Labor;
Designación de volumen o secuencia 23
9 (RLIN) 5274
Holdings
Estado de retiro Estado de pérdida Restricciones de uso No para préstamo Código de colección Localización permanente Ubicación/localización actual Ubicación en estantería Fecha de adquisición Número de inventario Total de préstamos Signatura topográfica completa Código de barras Fecha visto por última vez Precio válido a partir de Tipo de ítem Koha
        Monografías: Libros y Folletos General General En catalogación 01.09.2010 LF1   551.7 T319t 21177-10 25.06.2020 25.06.2020 Préstamo en sala

Powered by Koha